Miasta z największą liczbą ludności w Argentynie - Statystyki

Ogólne statystyki
  • Ten quiz został rozwiązany 47 razy
  • Średni wynik to 2 z 5
Statystyki odpowiedzi
Miejsce Miasto Ludność % Poprawnych
1 Buenos Aires 13 076 300
100%
3 Rosario 1 173 533
57%
2 Cordoba 1 428 214
50%
4 Mendoza 876 884
30%
5 San Miguel de Tucuman 781 023
7%
Nie znaleziono quizów pasujących do podanych kryteriów
Rozkład punktacji
Procent ludzi z każdym wynikiem
Percentyl według liczby udzielonych odpowiedzi
Twoja historia wyników
Nie rozwiązałeś tego quizu